| 000 | 00354nam a22001457a 4500 | ||
|---|---|---|---|
| 999 |
_c7975 _d7975 |
||
| 003 | OSt | ||
| 005 | 20200611132905.0 | ||
| 008 | 200611b ||||| |||| 00| 0 eng d | ||
| 020 | _a9789881566256 | ||
| 082 |
_a727.7 _bLIX |
||
| 100 | _a Li, Xiaolu; Lee, Katy | ||
| 245 | _aMuseums | ||
| 260 |
_aHong Kong _bDesign Media Publishing Ltd, _c2013 |
||
| 942 | _2ddc | ||